LIBRARY & INFORMATION CENTRE, KCAET, TAVANUR

ONLINE PUBLIC ACCESS CATALOGUE (OPAC)

Normal view MARC view
  • Aswathi K

Entry Personal Name

Number of records used in: 2

001 - CONTROL NUMBER

  • control field: 3719

003 - CONTROL NUMBER IDENTIFIER

  • control field: OSt

005 - DATE AND TIME OF LATEST TRANSACTION

  • control field: 20181015102025.0

008 - FIXED-LENGTH DATA ELEMENTS

  • fixed length control field: 181015|| aca||aabn | a|a d

040 ## - CATALOGING SOURCE

  • Original cataloging agency: OSt
  • Transcribing agency: OSt

100 ## - HEADING--PERSONAL NAME

  • Personal name: Aswathi K

670 ## - SOURCE DATA FOUND

  • Source citation: Work cat.: (OSt)15159: ANJALY C. SUNNY 3592, Terrain analysis by GIS for hydrological applications
free website counter